Nhật Bản với sự phát triển kinh tế xã hội của Việt Nam Lào và Campuchia trong giai đoạn hiện nay
Nội dung cuốn sách trình bày có hệ thống mối quan hệ hợp tác toàn diện giữa Nhật Bản với Việt Nam, Lào và Campuchia trong quá trình các nước này thực hiện công nghiệp hoá Đất nước.
Bewaard in:
| Hoofdauteur: | |
|---|---|
| Formaat: | Boek |
| Taal: | Undetermined |
| Gepubliceerd in: |
Hà Nội
Chính trị quốc gia
2010
|
| Onderwerpen: | |
| Tags: |
Voeg label toe
Geen labels, Wees de eerste die dit record labelt!
|
| Thư viện lưu trữ: | Trung tâm Học liệu Trường Đại học Cần Thơ |
|---|
| LEADER | 01010nam a2200205Ia 4500 | ||
|---|---|---|---|
| 001 | CTU_159764 | ||
| 008 | 210402s9999 xx 000 0 und d | ||
| 020 | |c 43000 | ||
| 082 | |a 337.520597 | ||
| 082 | |b H401 | ||
| 100 | |a Hoàng, Thị Minh Hoa | ||
| 245 | 0 | |a Nhật Bản với sự phát triển kinh tế xã hội của Việt Nam Lào và Campuchia trong giai đoạn hiện nay | |
| 245 | 0 | |c Hoàng Thị Minh Hoa | |
| 260 | |a Hà Nội | ||
| 260 | |b Chính trị quốc gia | ||
| 260 | |c 2010 | ||
| 520 | |a Nội dung cuốn sách trình bày có hệ thống mối quan hệ hợp tác toàn diện giữa Nhật Bản với Việt Nam, Lào và Campuchia trong quá trình các nước này thực hiện công nghiệp hoá Đất nước. | ||
| 650 | |a International economic relations,Quan hệ kinh tế quốc tế | ||
| 904 | |i Thảo, Hải | ||
| 980 | |a Trung tâm Học liệu Trường Đại học Cần Thơ | ||